| 000 | 00546nam a2200193 i 4500 | ||
|---|---|---|---|
| 001 | 38257 | ||
| 003 | ES-MaACL | ||
| 005 | 20230906155727.0 | ||
| 007 | t| | ||
| 008 | 030225s1963 sp ||||1| spa d | ||
| 100 | 1 |
_aCalei-Cale. _933647 |
|
| 245 | 1 | 0 |
_aA través del Iruchulo / _cpor Calei-Cale. |
| 260 |
_a[San Sebastián : _bAyuntamiento de San Sebastián, _c1963] |
||
| 300 |
_a245 p. ; _c21 cm. |
||
| 490 | 1 |
_aColección B ; _v4 |
|
| 830 | 0 |
_aColección B ; _v4 _9184329 |
|
| 852 |
_aES-MaACL _jC-25971 _bR.53103 |
||
| 999 |
_c38257 _d38257 |
||